Geography Quiz

Random Geography or Flags Quiz

42 Face Painted Flags Quiz Stats

Quiz Updated Jul 14, 2016

Also try: Flags of Food
Challenge
Share
Tweet
Score 0/42 Timer 06:00
11 Plays Today
% Correct
Japan
99%
Greece
93%
France
91.1%
United States
89.9%
Germany
89.8%
Ireland
88.8%
Brazil
85.6%
Mexico
83.3%
Switzerland
82.2%
South Korea
80%
Finland
79.7%
Canada
78.7%
Australia
76.2%
United Kingdom
74.9%
Russia
74.4%
Norway
73.8%
India
71.8%
Belgium
70%
South Africa
69.2%
Sweden
68%
Italy
67.2%
% Correct
Denmark
67.2%
Czechia
67.1%
Uruguay
63.3%
Pakistan
63%
Portugal
62.2%
Chile
60.2%
Albania
60%
Syria
52.7%
Singapore
51.5%
Venezuela
51%
Macedonia
48.5%
Bangladesh
45.8%
Malaysia
44.5%
Honduras
37.6%
United Arab Emirates
33.3%
Libya
29.7%
Philippines
26.1%
Afghanistan
25.5%
Democratic Republic of the Congo
25.4%
South Sudan
20.7%
Burkina Faso
18%

You're not logged in!

Compare scores with friends on all Sporcle quizzes.
Sign Up with Email
OR
Log In

You Might Also Like...

Show Comments

Extras

Top Quizzes Today


Score Distribution

Your Account Isn't Verified!

In order to create a playlist on Sporcle, you need to verify the email address you used during registration. Go to your Sporcle Settings to finish the process.